Gençler! Sizi Leylekler Getirmedi, Bir Aileniz Olduğunu Unutmayın! (Kayıt no. 1270423)

MARC ayrıntıları
000 -LEADER
sabit uzunluktaki kontrol alanı 00327nam a2200109Ia 4500
001 - KONTROL NUMARASI
kontrol alanı 1270423
005 - EN SON İŞLEMİN TARİH VE ZAMANI
kontrol alanı 20260417151349.0
008 - SABİT-UZUNLUKTA VERİ ÖĞELERİ--GENEL BİLGİ
sabit uzunluktaki kontrol alanı 260417s9999 xx 000 0 und d
020 ## - ULUSLARARASI STANDART KİTAP NUMARASI
Uluslararası Standart Kitap Numarası 9786258124293
245 #0 - ESER / YAZAR
ESER ADI Gençler! Sizi Leylekler Getirmedi, Bir Aileniz Olduğunu Unutmayın!
Yazar Adı Sadullah Genç
260 ## - YAYIN, DAĞITIM, VB.
YAYIN EVİ Beyan Yayınları
Mevcut
Düşüm durumu Kayıp durumu Hasar Durumu Ödünç verilmez Ana kütüphane Geçerli Kütüphane Edinilen tarih Toplam ödünç verme sayısı Barkod Son görüntüleme tarihi Fiyatın geçerli olmaya başladığı tarih Koha materyal türü
        YAZIR FARABİ ORTAOKULU YAZIR FARABİ ORTAOKULU 17.04.2026   1109371 17.04.2026 17.04.2026 Kitaplar
Gemini Bilgi Teknolojileri A.Ş. tarafından düzenlenmiştir.